000 00524nam a2200193 a 4500
001 17107
003 CO-ViMGA
008 141112s2004 ck r 000 u spa d
020 _a842702746X
040 _aCO-ViMGA
_bspa
_cCO-ViMGA
082 0 4 _a892.7 M143h
100 1 _aMahfuz, Naguib
_955363
245 1 0 _aHijos de nuestro barrio
260 _aBarcelona (España),
_cMartinez Roca,
_c2002
300 _a489.p.
590 _aForma de adquisición : Premio - Mincultura
650 1 4 _aNOVELA ARABE
_924291
942 _2ddc
_cBK
999 _c26717
_d26717